[Event "45th FIDE Chess Olympiad Open"]
[Site "Budapest, Hungary"]
[Date "2024.09.20"]
[Round "9"]
[White "Kurmann, Oliver"]
[Black "Cabezas Solano, David Alejandro"]
[Result "1/2-1/2"]
[Board "124"]
[WhiteFideId "1308173"]
[BlackFideId "6507522"]
[WhiteTitle "IM"]
[BlackTitle "FM"]
[WhiteElo "2421"]
[BlackElo "2248"]
[WhiteTeam "Switzerland"]
[BlackTeam "Costa Rica"]
[WhiteClock "0:17:12"]
[BlackClock "0:23:25"]
[Variant "Standard"]

1. e4 {[%clk 1:30:57]}  c5 {[%clk 1:30:54]} 2. Nf3 {[%clk 1:31:19]}  d6 {[%clk 1:31:17]} 3. Bb5+ {[%clk 1:31:37]}  Bd7 {[%clk 1:31:30]} 4. a4 {[%clk 1:31:55]}  Nf6 {[%clk 1:30:58]} 5. d3 {[%clk 1:29:21]}  g6 {[%clk 1:28:46]} 6. e5 {[%clk 1:22:45]}  dxe5 {[%clk 1:26:40]} 7. Nxe5 {[%clk 1:23:13]}  Bg7 {[%clk 1:20:04]} 8. Qf3 {[%clk 1:20:49]}  Qc8 {[%clk 1:14:02]} 9. O-O {[%clk 1:14:51]}  O-O {[%clk 1:13:18]} 10. Nxd7 {[%clk 1:13:13]}  Nfxd7 {[%clk 1:10:56]} 11. Nd2 {[%clk 1:05:30]}  Nc6 {[%clk 1:02:57]} 12. c3 {[%clk 1:01:45]}  Nde5 {[%clk 0:54:51]} 13. Qg3 {[%clk 1:02:02]}  Rd8 {[%clk 0:54:12]} 14. f4 {[%clk 0:57:36]}  a6 {[%clk 0:52:03]} 15. Bxc6 {[%clk 0:53:08]}  Nxc6 {[%clk 0:50:32]} 16. a5 {[%clk 0:38:13]}  Qf5 {[%clk 0:48:41]} 17. Rf3 {[%clk 0:38:36]}  Rd7 {[%clk 0:43:43]} 18. Qh3 {[%clk 0:38:25]}  Rad8 {[%clk 0:42:26]} 19. Qxf5 {[%clk 0:38:20]}  gxf5 {[%clk 0:42:54]} 20. Nc4 {[%clk 0:29:00]}  Rxd3 {[%clk 0:39:45]} 21. Rxd3 {[%clk 0:29:21]}  Rxd3 {[%clk 0:40:13]} 22. Be3 {[%clk 0:29:04]}  Bh6 {[%clk 0:37:53]} 23. Kf2 {[%clk 0:18:24]}  e6 {[%clk 0:34:16]} 24. Ke2 {[%clk 0:18:23]}  Rd7 {[%clk 0:34:13]} 25. g3 {[%clk 0:18:44]}  Bf8 {[%clk 0:34:27]} 26. Ra4 {[%clk 0:16:47]}  Be7 {[%clk 0:27:45]} 27. Nd2 {[%clk 0:16:37]}  Bd8 {[%clk 0:24:36]} 28. Nc4 {[%clk 0:17:05]}  Be7 {[%clk 0:24:55]} 29. Nd2 {[%clk 0:17:24]}  Bd8 {[%clk 0:25:12]} 30. Nc4 {[%clk 0:17:12]}  Be7 {[%clk 0:23:25]} 1/2-1/2

[Event "45th FIDE Chess Olympiad Open"]
[Site "Budapest, Hungary"]
[Date "2024.09.20"]
[Round "9"]
[White "Tin, Jingyao"]
[Black "Arab, Adlane"]
[Result "1-0"]
[Board "125"]
[WhiteFideId "5804418"]
[BlackFideId "7900872"]
[WhiteTitle "GM"]
[BlackTitle "IM"]
[WhiteElo "2580"]
[BlackElo "2477"]
[WhiteTeam "Singapore"]
[BlackTeam "Algeria"]
[WhiteClock "0:03:22"]
[BlackClock "0:21:05"]
[Variant "Standard"]

1. Nf3 {[%clk 1:30:45]}  Nf6 {[%clk 1:30:34]} 2. g3 {[%clk 1:31:04]}  b6 {[%clk 1:30:09]} 3. Bg2 {[%clk 1:31:09]}  Bb7 {[%clk 1:30:33]} 4. O-O {[%clk 1:31:18]}  e6 {[%clk 1:30:33]} 5. c4 {[%clk 1:30:34]}  Be7 {[%clk 1:29:53]} 6. Qc2 {[%clk 1:25:55]}  O-O {[%clk 1:27:39]} 7. Rd1 {[%clk 1:24:55]}  c5 {[%clk 1:25:50]} 8. Nc3 {[%clk 1:23:09]}  Nc6 {[%clk 1:19:22]} 9. d4 {[%clk 1:14:33]}  cxd4 {[%clk 1:18:58]} 10. Nxd4 {[%clk 1:14:44]}  Nxd4 {[%clk 1:16:21]} 11. Rxd4 {[%clk 1:13:47]}  Bxg2 {[%clk 1:16:44]} 12. Kxg2 {[%clk 1:14:10]}  Qc7 {[%clk 1:16:59]} 13. Qd3 {[%clk 1:12:03]}  Rac8 {[%clk 1:14:30]} 14. Kg1 {[%clk 1:09:55]}  a6 {[%clk 1:09:24]} 15. Bd2 {[%clk 0:56:12]}  Rfd8 {[%clk 1:04:47]} 16. Rd1 {[%clk 0:53:50]}  h6 {[%clk 1:01:35]} 17. Qf3 {[%clk 0:50:26]}  e5 {[%clk 0:55:02]} 18. Rg4 {[%clk 0:44:16]}  h5 {[%clk 0:45:40]} 19. Rh4 {[%clk 0:42:03]}  Qc6 {[%clk 0:42:23]} 20. Bg5 {[%clk 0:33:43]}  Qxf3 {[%clk 0:35:59]} 21. exf3 {[%clk 0:32:15]}  d5 {[%clk 0:33:34]} 22. cxd5 {[%clk 0:28:16]}  Nxd5 {[%clk 0:33:53]} 23. Nxd5 {[%clk 0:16:13]}  Bxg5 {[%clk 0:34:18]} 24. Re4 {[%clk 0:15:23]}  Rc1 {[%clk 0:30:58]} 25. Rxc1 {[%clk 0:14:38]}  Bxc1 {[%clk 0:31:21]} 26. Rxe5 {[%clk 0:13:33]}  Bxb2 {[%clk 0:31:30]} 27. Rxh5 {[%clk 0:13:10]}  b5 {[%clk 0:25:49]} 28. Nb4 {[%clk 0:11:37]}  Rd6 {[%clk 0:19:39]} 29. Rd5 {[%clk 0:11:38]}  Re6 {[%clk 0:19:43]} 30. Rd8+ {[%clk 0:09:13]}  Kh7 {[%clk 0:20:07]} 31. Ra8 {[%clk 0:09:32]}  Re1+ {[%clk 0:17:06]} 32. Kg2 {[%clk 0:09:56]}  Re2 {[%clk 0:17:32]} 33. Rxa6 {[%clk 0:08:50]}  Bd4 {[%clk 0:17:56]} 34. Nd3 {[%clk 0:08:38]}  b4 {[%clk 0:16:56]} 35. Kh3 {[%clk 0:03:16]}  Bxf2 {[%clk 0:15:07]} 36. Nxb4 {[%clk 0:03:20]}  Bg1 {[%clk 0:15:25]} 37. Kg4 {[%clk 0:01:50]}  Rxh2 {[%clk 0:14:57]} 38. Nd3 {[%clk 0:01:42]}  g6 {[%clk 0:13:38]} 39. Ne5 {[%clk 0:01:22]}  Kg7 {[%clk 0:13:19]} 40. Kf4 {[%clk 0:00:33]}  Re2 {[%clk 0:12:50]} 41. Nc4 {[%clk 0:27:36]}  Bh2 {[%clk 0:41:33]} 42. Kg4 {[%clk 0:26:27]}  Bg1 {[%clk 0:39:48]} 43. f4 {[%clk 0:21:25]}  Bd4 {[%clk 0:33:51]} 44. Rd6 {[%clk 0:20:02]}  Bc3 {[%clk 0:33:33]} 45. a4 {[%clk 0:16:38]}  Ra2 {[%clk 0:33:54]} 46. Rd7 {[%clk 0:14:51]}  Rxa4 {[%clk 0:31:00]} 47. Nd6 {[%clk 0:15:13]}  Rd4 {[%clk 0:31:20]} 48. Rxf7+ {[%clk 0:15:06]}  Kh6 {[%clk 0:28:02]} 49. Rd7 {[%clk 0:13:30]}  Rd2 {[%clk 0:27:43]} 50. Nf7+ {[%clk 0:13:41]}  Kg7 {[%clk 0:28:04]} 51. Rc7 {[%clk 0:13:56]}  Bb2 {[%clk 0:25:54]} 52. Ne5+ {[%clk 0:07:03]}  Kh6 {[%clk 0:25:41]} 53. Nf3 {[%clk 0:06:46]}  Rd5 {[%clk 0:25:30]} 54. Ng5 {[%clk 0:07:04]}  Bg7 {[%clk 0:25:51]} 55. Kh4 {[%clk 0:06:13]}  Rf5 {[%clk 0:24:10]} 56. Rb7 {[%clk 0:05:37]}  Rf6 {[%clk 0:23:13]} 57. Kg4 {[%clk 0:04:00]}  Rf5 {[%clk 0:23:26]} 58. Kf3 {[%clk 0:03:22]}  Ra5 {[%clk 0:23:31]} 59. g4 {[%clk 0:03:43]}  Ra3+ {[%clk 0:23:14]} 60. Kg2 {[%clk 0:04:08]}  Rd3 {[%clk 0:20:56]} 61. Ne6 {[%clk 0:03:41]}  Bc3 {[%clk 0:21:05]} 62. Nf8 {[%clk 0:03:22]} 1-0

[Event "45th FIDE Chess Olympiad Open"]
[Site "Budapest, Hungary"]
[Date "2024.09.20"]
[Round "9"]
[White "Brahami, Lamine"]
[Black "Siddharth, Jagadeesh"]
[Result "0-1"]
[Board "126"]
[WhiteFideId "7905637"]
[BlackFideId "5818320"]
[WhiteTitle "IM"]
[BlackTitle "GM"]
[WhiteElo "2188"]
[BlackElo "2514"]
[WhiteTeam "Algeria"]
[BlackTeam "Singapore"]
[WhiteClock "0:26:55"]
[BlackClock "0:43:14"]
[Variant "Standard"]

1. d4 {[%clk 1:30:47]}  Nf6 {[%clk 1:30:22]} 2. c4 {[%clk 1:30:21]}  e6 {[%clk 1:30:42]} 3. Nf3 {[%clk 1:30:38]}  h6 {[%clk 1:31:06]} 4. g3 {[%clk 1:28:49]}  Bb4+ {[%clk 1:31:23]} 5. Nbd2 {[%clk 1:27:25]}  O-O {[%clk 1:31:22]} 6. Bg2 {[%clk 1:26:16]}  d5 {[%clk 1:31:05]} 7. O-O {[%clk 1:26:12]}  b6 {[%clk 1:23:50]} 8. a3 {[%clk 1:20:18]}  Be7 {[%clk 1:13:41]} 9. Qc2 {[%clk 1:15:41]}  Bb7 {[%clk 1:11:58]} 10. cxd5 {[%clk 1:09:44]}  Bxd5 {[%clk 1:06:51]} 11. e4 {[%clk 1:02:56]}  Bb7 {[%clk 1:07:13]} 12. e5 {[%clk 1:02:49]}  Nd5 {[%clk 1:06:51]} 13. Ne4 {[%clk 0:57:02]}  Nd7 {[%clk 1:04:07]} 14. Bd2 {[%clk 0:53:05]}  c5 {[%clk 0:55:27]} 15. dxc5 {[%clk 0:48:23]}  bxc5 {[%clk 0:55:41]} 16. Rfe1 {[%clk 0:47:22]}  Rb8 {[%clk 0:48:57]} 17. Nc3 {[%clk 0:37:07]}  Qb6 {[%clk 0:44:08]} 18. Na4 {[%clk 0:31:55]}  Qa6 {[%clk 0:40:45]} 19. Nc3 {[%clk 0:27:27]}  Bc6 {[%clk 0:40:13]} 20. Nxd5 {[%clk 0:24:13]}  Bxd5 {[%clk 0:40:35]} 21. Bc3 {[%clk 0:24:15]}  Qb7 {[%clk 0:39:31]} 22. Re3 {[%clk 0:21:49]}  Nb6 {[%clk 0:30:26]} 23. Ne1 {[%clk 0:20:11]}  c4 {[%clk 0:26:50]} 24. Bd4 {[%clk 0:16:06]}  Rfc8 {[%clk 0:27:08]} 25. Rd1 {[%clk 0:14:47]}  Bc5 {[%clk 0:26:08]} 26. Re2 {[%clk 0:11:17]}  a5 {[%clk 0:18:15]} 27. Bxd5 {[%clk 0:07:17]}  Qxd5 {[%clk 0:18:26]} 28. Be3 {[%clk 0:05:13]}  Qc6 {[%clk 0:18:44]} 29. Bxc5 {[%clk 0:05:10]}  Qxc5 {[%clk 0:19:12]} 30. Ng2 {[%clk 0:05:08]}  Nd5 {[%clk 0:17:43]} 31. Ne3 {[%clk 0:04:05]}  c3 {[%clk 0:14:17]} 32. Nxd5 {[%clk 0:03:46]}  Rxb2 {[%clk 0:14:17]} 33. Qxc3 {[%clk 0:03:09]}  Rxe2 {[%clk 0:14:39]} 34. Qf3 {[%clk 0:00:57]}  Rxe5 {[%clk 0:14:30]} 35. Nf4 {[%clk 0:00:46]}  Rf5 {[%clk 0:14:19]} 36. Qe2 {[%clk 0:00:32]}  Rxf4 {[%clk 0:14:15]} 37. gxf4 {[%clk 0:00:48]}  Qxa3 {[%clk 0:14:41]} 38. Qe4 {[%clk 0:00:34]}  Rc1 {[%clk 0:14:36]} 39. Rxc1 {[%clk 0:00:33]}  Qxc1+ {[%clk 0:15:00]} 40. Kg2 {[%clk 0:00:57]}  Qc5 {[%clk 0:15:17]} 41. Kg3 {[%clk 0:29:39]}  Qf5 {[%clk 0:44:05]} 42. Qa4 {[%clk 0:29:26]}  Kh7 {[%clk 0:44:29]} 43. h3 {[%clk 0:28:07]}  Qd5 {[%clk 0:44:01]} 44. Qc2+ {[%clk 0:27:58]}  f5 {[%clk 0:43:17]} 45. Qa4 {[%clk 0:27:14]}  Qd3+ {[%clk 0:43:41]} 46. f3 {[%clk 0:26:55]}  Qf1 {[%clk 0:43:14]} 0-1

[Event "45th FIDE Chess Olympiad Open"]
[Site "Budapest, Hungary"]
[Date "2024.09.20"]
[Round "9"]
[White "Wong, Zhenyong Jayden"]
[Black "Boulrens, Ala Eddine"]
[Result "1-0"]
[Board "127"]
[WhiteFideId "5821975"]
[BlackFideId "7907559"]
[WhiteTitle "FM"]
[WhiteElo "2397"]
[BlackElo "2137"]
[WhiteTeam "Singapore"]
[BlackTeam "Algeria"]
[WhiteClock "0:06:00"]
[BlackClock "0:24:38"]
[Variant "Standard"]

1. Nf3 {[%clk 1:30:41]}  d5 {[%clk 1:30:53]} 2. g3 {[%clk 1:31:05]}  c5 {[%clk 1:31:04]} 3. Bg2 {[%clk 1:31:27]}  Nf6 {[%clk 1:31:12]} 4. O-O {[%clk 1:31:47]}  Nc6 {[%clk 1:31:16]} 5. d4 {[%clk 1:32:10]}  cxd4 {[%clk 1:27:17]} 6. Nxd4 {[%clk 1:31:39]}  Bd7 {[%clk 1:26:03]} 7. c4 {[%clk 1:30:16]}  e6 {[%clk 1:22:38]} 8. Nc3 {[%clk 1:29:12]}  dxc4 {[%clk 1:16:29]} 9. Nxc6 {[%clk 1:29:09]}  Bxc6 {[%clk 1:15:05]} 10. Bxc6+ {[%clk 1:29:26]}  bxc6 {[%clk 1:15:32]} 11. Qa4 {[%clk 1:29:16]}  Qc7 {[%clk 1:14:42]} 12. Qxc4 {[%clk 1:23:05]}  Be7 {[%clk 1:14:34]} 13. Be3 {[%clk 1:21:51]}  O-O {[%clk 1:14:12]} 14. Rfc1 {[%clk 1:20:57]}  Qb7 {[%clk 1:08:13]} 15. Rab1 {[%clk 1:20:43]}  Nd5 {[%clk 1:07:05]} 16. Bd2 {[%clk 1:20:42]}  c5 {[%clk 1:03:58]} 17. Na4 {[%clk 1:17:03]}  Nb6 {[%clk 1:04:03]} 18. Qc2 {[%clk 1:13:27]}  Rac8 {[%clk 0:58:42]} 19. Nc3 {[%clk 1:11:08]}  Rfd8 {[%clk 0:57:38]} 20. Rd1 {[%clk 1:11:03]}  Nd5 {[%clk 0:54:25]} 21. h4 {[%clk 1:09:41]}  h6 {[%clk 0:51:42]} 22. Qe4 {[%clk 1:08:30]}  Rd7 {[%clk 0:46:51]} 23. Qg4 {[%clk 1:04:57]}  Nf6 {[%clk 0:45:43]} 24. Qa4 {[%clk 1:04:37]}  Rcd8 {[%clk 0:45:24]} 25. Be1 {[%clk 1:03:32]}  Rd4 {[%clk 0:41:54]} 26. Qc2 {[%clk 1:03:05]}  Ng4 {[%clk 0:26:12]} 27. Rxd4 {[%clk 0:56:20]}  Rxd4 {[%clk 0:24:25]} 28. e3 {[%clk 0:52:26]}  Rd8 {[%clk 0:15:59]} 29. Qe4 {[%clk 0:52:26]}  Qxe4 {[%clk 0:13:09]} 30. Nxe4 {[%clk 0:52:53]}  f5 {[%clk 0:13:28]} 31. Nc3 {[%clk 0:52:03]}  Ne5 {[%clk 0:13:45]} 32. Kf1 {[%clk 0:51:45]}  c4 {[%clk 0:11:33]} 33. Nb5 {[%clk 0:49:34]}  Kf7 {[%clk 0:08:24]} 34. Bc3 {[%clk 0:46:14]}  Bf6 {[%clk 0:07:04]} 35. Nxa7 {[%clk 0:37:20]}  Ng4 {[%clk 0:07:22]} 36. Nc6 {[%clk 0:30:55]}  Ra8 {[%clk 0:04:34]} 37. Bxf6 {[%clk 0:30:14]}  Kxf6 {[%clk 0:04:50]} 38. Nb4 {[%clk 0:27:53]}  Ra4 {[%clk 0:03:49]} 39. a3 {[%clk 0:28:19]}  c3 {[%clk 0:04:15]} 40. Nc2 {[%clk 0:28:13]}  cxb2 {[%clk 0:03:46]} 41. Rxb2 {[%clk 0:26:23]}  Rc4 {[%clk 0:03:59]} 42. Ke2 {[%clk 0:25:33]}  g5 {[%clk 0:04:24]} 43. hxg5+ {[%clk 0:24:20]}  hxg5 {[%clk 0:04:51]} 44. f3 {[%clk 0:19:38]}  Ne5 {[%clk 0:05:12]} 45. Nd4 {[%clk 0:17:19]}  Nd7 {[%clk 0:02:57]} 46. Rb7 {[%clk 0:13:53]}  Ke7 {[%clk 0:30:15]} 47. Ra7 {[%clk 0:43:14]}  Rc1 {[%clk 0:29:20]} 48. a4 {[%clk 0:39:54]}  Ra1 {[%clk 0:29:43]} 49. a5 {[%clk 0:36:33]}  Ra2+ {[%clk 0:29:18]} 50. Kd1 {[%clk 0:34:10]}  Kd6 {[%clk 0:28:28]} 51. Ra6+ {[%clk 0:33:11]}  Kd5 {[%clk 0:28:46]} 52. Nxe6 {[%clk 0:32:44]}  g4 {[%clk 0:28:46]} 53. Nf4+ {[%clk 0:31:52]}  Kc5 {[%clk 0:28:15]} 54. fxg4 {[%clk 0:22:07]}  fxg4 {[%clk 0:28:35]} 55. Nd3+ {[%clk 0:22:27]}  Kc4 {[%clk 0:28:19]} 56. Rd6 {[%clk 0:22:47]}  Nb8 {[%clk 0:26:52]} 57. Ne5+ {[%clk 0:21:06]}  Kc3 {[%clk 0:25:36]} 58. Rd3+ {[%clk 0:14:42]}  Kb4 {[%clk 0:25:43]} 59. Rd5 {[%clk 0:12:08]}  Rg2 {[%clk 0:23:19]} 60. Rd2 {[%clk 0:08:55]}  Rxg3 {[%clk 0:22:35]} 61. Rb2+ {[%clk 0:09:09]}  Kxa5 {[%clk 0:22:51]} 62. Rxb8 {[%clk 0:09:15]}  Rg2 {[%clk 0:22:12]} 63. Rg8 {[%clk 0:05:06]}  g3 {[%clk 0:22:35]} 64. Ke1 {[%clk 0:05:12]}  Kb4 {[%clk 0:22:56]} 65. Kf1 {[%clk 0:04:33]}  Rf2+ {[%clk 0:23:22]} 66. Kg1 {[%clk 0:04:57]}  Rf5 {[%clk 0:23:42]} 67. Nd3+ {[%clk 0:05:03]}  Kc3 {[%clk 0:24:06]} 68. Nf4 {[%clk 0:05:25]}  Kd2 {[%clk 0:24:08]} 69. Rxg3 {[%clk 0:05:51]}  Re5 {[%clk 0:24:32]} 70. Kf2 {[%clk 0:06:14]}  Re8 {[%clk 0:24:38]} 71. Rg7 {[%clk 0:06:00]} 1-0

[Event "45th FIDE Chess Olympiad Open"]
[Site "Budapest, Hungary"]
[Date "2024.09.20"]
[Round "9"]
[White "Bengherabi, Khalil"]
[Black "Goh, Wei Ming Kevin"]
[Result "1/2-1/2"]
[Board "128"]
[WhiteFideId "7900325"]
[BlackFideId "5800706"]
[WhiteTitle "FM"]
[BlackTitle "GM"]
[WhiteElo "2076"]
[BlackElo "2449"]
[WhiteTeam "Algeria"]
[BlackTeam "Singapore"]
[WhiteClock "0:02:46"]
[BlackClock "0:20:17"]
[Variant "Standard"]

1. e4 {[%clk 1:30:56]}  e6 {[%clk 1:30:34]} 2. d4 {[%clk 1:31:21]}  d5 {[%clk 1:30:59]} 3. Nd2 {[%clk 1:31:38]}  Be7 {[%clk 1:30:54]} 4. Bd3 {[%clk 1:30:48]}  c5 {[%clk 1:31:02]} 5. dxc5 {[%clk 1:30:42]}  Nf6 {[%clk 1:30:53]} 6. Qe2 {[%clk 1:28:13]}  a5 {[%clk 1:29:57]} 7. Ngf3 {[%clk 1:25:11]}  O-O {[%clk 1:29:08]} 8. O-O {[%clk 1:25:16]}  Na6 {[%clk 1:29:22]} 9. e5 {[%clk 1:22:02]}  Nd7 {[%clk 1:29:39]} 10. c3 {[%clk 1:22:27]}  Naxc5 {[%clk 1:29:25]} 11. Bc2 {[%clk 1:22:51]}  b5 {[%clk 1:28:29]} 12. Nd4 {[%clk 1:02:33]}  Qc7 {[%clk 1:22:22]} 13. f4 {[%clk 0:55:44]}  b4 {[%clk 1:19:14]} 14. Rf3 {[%clk 0:47:07]}  f5 {[%clk 1:15:09]} 15. Rh3 {[%clk 0:40:35]}  Rf7 {[%clk 1:09:14]} 16. g4 {[%clk 0:13:07]}  Nf8 {[%clk 1:08:44]} 17. gxf5 {[%clk 0:07:57]}  exf5 {[%clk 1:09:11]} 18. Qg2 {[%clk 0:05:14]}  Ne4 {[%clk 0:58:03]} 19. Bb3 {[%clk 0:05:33]}  Qd8 {[%clk 0:53:44]} 20. Nxe4 {[%clk 0:04:55]}  fxe4 {[%clk 0:54:12]} 21. f5 {[%clk 0:04:42]}  Bxf5 {[%clk 0:42:17]} 22. Nxf5 {[%clk 0:04:46]}  Rxf5 {[%clk 0:42:41]} 23. Qxe4 {[%clk 0:04:09]}  Qb6+ {[%clk 0:43:04]} 24. Be3 {[%clk 0:03:42]}  Qg6+ {[%clk 0:43:21]} 25. Qg2 {[%clk 0:03:56]}  Qxg2+ {[%clk 0:42:07]} 26. Kxg2 {[%clk 0:04:23]}  Rxe5 {[%clk 0:42:14]} 27. Rd1 {[%clk 0:04:49]}  Rd8 {[%clk 0:41:16]} 28. Bb6 {[%clk 0:02:50]}  Rd7 {[%clk 0:32:45]} 29. Re3 {[%clk 0:02:17]}  Rg5+ {[%clk 0:25:15]} 30. Rg3 {[%clk 0:02:02]}  Ne6 {[%clk 0:25:17]} 31. Rxg5 {[%clk 0:02:16]}  Bxg5 {[%clk 0:25:42]} 32. Bxa5 {[%clk 0:02:35]}  bxc3 {[%clk 0:23:57]} 33. bxc3 {[%clk 0:02:30]}  Kf8 {[%clk 0:16:45]} 34. c4 {[%clk 0:01:23]}  d4 {[%clk 0:16:22]} 35. Rf1+ {[%clk 0:01:24]}  Nf4+ {[%clk 0:07:47]} 36. Kg3 {[%clk 0:01:39]}  Rf7 {[%clk 0:07:55]} 37. c5 {[%clk 0:01:13]}  Rf6 {[%clk 0:05:23]} 38. Bb4 {[%clk 0:01:14]}  Bh4+ {[%clk 0:04:51]} 39. Kg4 {[%clk 0:00:59]}  g5 {[%clk 0:05:19]} 40. c6+ {[%clk 0:00:53]}  Ke8 {[%clk 0:05:34]} 41. Ba4 {[%clk 0:17:15]}  Kf7 {[%clk 0:23:31]} 42. Rxf4 {[%clk 0:04:29]}  Rxf4+ {[%clk 0:23:05]} 43. Kh3 {[%clk 0:03:55]}  Rf1 {[%clk 0:21:16]} 44. Bd2 {[%clk 0:01:18]}  Ke6 {[%clk 0:20:29]} 45. c7 {[%clk 0:00:35]}  Rf8 {[%clk 0:20:42]} 46. Bb5 {[%clk 0:00:32]}  Rc8 {[%clk 0:17:28]} 47. Ba5 {[%clk 0:00:52]}  Kd6 {[%clk 0:17:51]} 48. Ba6 {[%clk 0:00:55]}  Rxc7 {[%clk 0:18:10]} 49. Bxc7+ {[%clk 0:01:19]}  Kxc7 {[%clk 0:18:38]} 50. Kg4 {[%clk 0:01:17]}  Kb6 {[%clk 0:18:57]} 51. Bd3 {[%clk 0:01:42]}  Ka5 {[%clk 0:18:29]} 52. Bxh7 {[%clk 0:01:44]}  Kb4 {[%clk 0:18:44]} 53. Kf3 {[%clk 0:02:07]}  Be1 {[%clk 0:18:56]} 54. Ke2 {[%clk 0:02:27]}  Bc3 {[%clk 0:18:35]} 55. h3 {[%clk 0:02:19]}  Kc5 {[%clk 0:18:48]} 56. Kd3 {[%clk 0:02:06]}  Kb4 {[%clk 0:19:04]} 57. Bg6 {[%clk 0:01:59]}  Ka3 {[%clk 0:19:27]} 58. Bf7 {[%clk 0:02:24]}  Kb4 {[%clk 0:19:51]} 59. Bg8 {[%clk 0:02:46]}  Ka3 {[%clk 0:20:17]} 1/2-1/2

[Event "45th FIDE Chess Olympiad Open"]
[Site "Budapest, Hungary"]
[Date "2024.09.20"]
[Round "9"]
[White "Galaviz Medina, Sion Radamantys"]
[Black "Camacho Collados, Jose"]
[Result "1-0"]
[Board "129"]
[WhiteFideId "5123119"]
[BlackFideId "2265427"]
[WhiteTitle "IM"]
[BlackTitle "IM"]
[WhiteElo "2488"]
[BlackElo "2352"]
[WhiteTeam "Mexico"]
[BlackTeam "Wales"]
[WhiteClock "0:31:38"]
[BlackClock "0:28:52"]
[Variant "Standard"]

1. d4 {[%clk 1:30:57]}  d5 {[%clk 1:30:56]} 2. c4 {[%clk 1:31:24]}  e6 {[%clk 1:31:23]} 3. Nc3 {[%clk 1:31:52]}  a6 {[%clk 1:31:49]} 4. cxd5 {[%clk 1:21:13]}  exd5 {[%clk 1:32:14]} 5. Nf3 {[%clk 1:21:24]}  c6 {[%clk 1:32:07]} 6. Qb3 {[%clk 1:21:13]}  Nf6 {[%clk 1:31:12]} 7. Bg5 {[%clk 1:21:38]}  Be7 {[%clk 1:28:09]} 8. e3 {[%clk 1:19:24]}  O-O {[%clk 1:24:54]} 9. Bd3 {[%clk 1:19:19]}  Nbd7 {[%clk 1:12:08]} 10. O-O {[%clk 1:19:09]}  Ne8 {[%clk 1:11:06]} 11. Bf4 {[%clk 1:16:05]}  Bd6 {[%clk 1:08:32]} 12. Qc2 {[%clk 1:13:34]}  g6 {[%clk 1:03:52]} 13. Bg5 {[%clk 1:07:53]}  Be7 {[%clk 1:03:17]} 14. Bh6 {[%clk 0:51:55]}  Ng7 {[%clk 1:03:34]} 15. Rae1 {[%clk 0:42:06]}  Re8 {[%clk 1:00:36]} 16. Kh1 {[%clk 0:18:31]}  a5 {[%clk 0:51:28]} 17. Ng1 {[%clk 0:16:02]}  Nf6 {[%clk 0:47:51]} 18. f3 {[%clk 0:14:33]}  b5 {[%clk 0:43:57]} 19. e4 {[%clk 0:12:06]}  dxe4 {[%clk 0:34:49]} 20. fxe4 {[%clk 0:12:27]}  Ng4 {[%clk 0:34:37]} 21. Bxg7 {[%clk 0:12:00]}  Kxg7 {[%clk 0:33:43]} 22. Nf3 {[%clk 0:12:28]}  Bg5 {[%clk 0:27:23]} 23. Nd1 {[%clk 0:09:11]}  Bd7 {[%clk 0:15:37]} 24. h3 {[%clk 0:08:56]}  Nh6 {[%clk 0:15:50]} 25. Qf2 {[%clk 0:09:00]}  Bf4 {[%clk 0:14:54]} 26. Nc3 {[%clk 0:08:58]}  Bc7 {[%clk 0:11:52]} 27. e5 {[%clk 0:07:38]}  Bf5 {[%clk 0:07:37]} 28. Bxf5 {[%clk 0:07:23]}  Nxf5 {[%clk 0:08:01]} 29. g4 {[%clk 0:07:26]}  Nh6 {[%clk 0:06:49]} 30. Ne4 {[%clk 0:07:27]}  Ng8 {[%clk 0:02:01]} 31. Nfg5 {[%clk 0:07:35]}  Re7 {[%clk 0:01:49]} 32. Qxf7+ {[%clk 0:07:53]}  Kh8 {[%clk 0:02:03]} 33. Qxe7 {[%clk 0:02:24]}  Qxe7 {[%clk 0:01:55]} 34. Rf7 {[%clk 0:02:53]}  Bb6 {[%clk 0:00:57]} 35. Rxe7 {[%clk 0:02:51]}  Nxe7 {[%clk 0:01:26]} 36. Rf1 {[%clk 0:02:42]}  Nd5 {[%clk 0:01:37]} 37. Rf7 {[%clk 0:03:07]}  Bxd4 {[%clk 0:00:44]} 38. Nf6 {[%clk 0:03:32]}  Nxf6 {[%clk 0:00:42]} 39. exf6 {[%clk 0:04:01]}  Bxf6 {[%clk 0:00:39]} 40. Rxf6 {[%clk 0:04:26]}  Re8 {[%clk 0:00:36]} 41. Re6 {[%clk 0:04:31]}  Rc8 {[%clk 0:27:57]} 42. Re7 {[%clk 0:30:43]}  Kg8 {[%clk 0:27:46]} 43. Nxh7 {[%clk 0:30:51]}  c5 {[%clk 0:27:48]} 44. Nf6+ {[%clk 0:31:11]}  Kf8 {[%clk 0:28:12]} 45. Re5 {[%clk 0:31:37]}  Kf7 {[%clk 0:27:47]} 46. Ne4 {[%clk 0:30:31]}  Rd8 {[%clk 0:28:13]} 47. Rxc5 {[%clk 0:30:52]}  Rd4 {[%clk 0:28:30]} 48. Ng5+ {[%clk 0:31:11]}  Kf6 {[%clk 0:28:52]} 49. Rxb5 {[%clk 0:31:38]} 1-0

[Event "45th FIDE Chess Olympiad Open"]
[Site "Budapest, Hungary"]
[Date "2024.09.20"]
[Round "9"]
[White "Kozusek, Daniel"]
[Black "Hernandez Guerrero, Gilberto"]
[Result "1/2-1/2"]
[Board "130"]
[WhiteFideId "349500"]
[BlackFideId "5100011"]
[WhiteTitle "FM"]
[BlackTitle "GM"]
[WhiteElo "2367"]
[BlackElo "2482"]
[WhiteTeam "Wales"]
[BlackTeam "Mexico"]
[WhiteClock "0:18:14"]
[BlackClock "0:26:39"]
[Variant "Standard"]

1. d4 {[%clk 1:30:37]}  Nf6 {[%clk 1:30:24]} 2. Nc3 {[%clk 1:30:26]}  d5 {[%clk 1:30:18]} 3. Bf4 {[%clk 1:30:49]}  c5 {[%clk 1:28:05]} 4. e4 {[%clk 1:30:51]}  Nxe4 {[%clk 1:17:08]} 5. Nxe4 {[%clk 1:30:58]}  dxe4 {[%clk 1:17:33]} 6. dxc5 {[%clk 1:31:22]}  Qa5+ {[%clk 1:17:27]} 7. c3 {[%clk 1:31:45]}  Qxc5 {[%clk 1:17:43]} 8. Qa4+ {[%clk 1:32:06]}  Nc6 {[%clk 1:08:34]} 9. Qxe4 {[%clk 1:32:27]}  Bf5 {[%clk 1:06:09]} 10. Qa4 {[%clk 1:29:16]}  e5 {[%clk 1:04:06]} 11. Be3 {[%clk 1:28:10]}  Qa5 {[%clk 1:02:45]} 12. Qxa5 {[%clk 1:16:05]}  Nxa5 {[%clk 1:02:53]} 13. Bb5+ {[%clk 1:13:23]}  Bd7 {[%clk 1:00:25]} 14. Bxd7+ {[%clk 1:04:43]}  Kxd7 {[%clk 1:00:49]} 15. O-O-O+ {[%clk 1:01:58]}  Kc7 {[%clk 0:53:05]} 16. Rd5 {[%clk 0:52:03]}  Nc4 {[%clk 0:39:40]} 17. Nf3 {[%clk 0:52:17]}  Nxe3 {[%clk 0:39:46]} 18. fxe3 {[%clk 0:52:39]}  f6 {[%clk 0:40:11]} 19. Rhd1 {[%clk 0:52:00]}  Re8 {[%clk 0:40:36]} 20. Rd7+ {[%clk 0:48:49]}  Kc8 {[%clk 0:40:52]} 21. e4 {[%clk 0:42:09]}  Rg8 {[%clk 0:37:22]} 22. Nh4 {[%clk 0:34:19]}  Bc5 {[%clk 0:37:18]} 23. Kc2 {[%clk 0:28:58]}  Rd8 {[%clk 0:33:46]} 24. Rxd8+ {[%clk 0:19:53]}  Rxd8 {[%clk 0:34:07]} 25. Rxd8+ {[%clk 0:19:57]}  Kxd8 {[%clk 0:34:31]} 26. Kb3 {[%clk 0:19:17]}  Kd7 {[%clk 0:31:55]} 27. Kc4 {[%clk 0:18:51]}  Bf2 {[%clk 0:32:17]} 28. Nf3 {[%clk 0:18:31]}  Ke6 {[%clk 0:32:35]} 29. g4 {[%clk 0:18:26]}  g6 {[%clk 0:28:36]} 30. Kd3 {[%clk 0:18:14]}  a6 {[%clk 0:26:39]} 1/2-1/2